Jmr's hog finishing project (Record no. 79782)
[ view plain ]
| 000 -LEADER | |
|---|---|
| fixed length control field | 01822nam a22002657a 4500 |
| 003 - CONTROL NUMBER IDENTIFIER | |
| control field | URS |
| 005 - DATE AND TIME OF LATEST TRANSACTION | |
| control field | 20240508191939.0 |
| 008 - FIXED-LENGTH DATA ELEMENTS--GENERAL INFORMATION | |
| fixed length control field | 240508b |||||||| |||| 00| 0 eng d |
| 050 00 - LIBRARY OF CONGRESS CALL NUMBER | |
| Classification number | LG 221.R59 |
| Item number | 2015 |
| 100 1# - MAIN ENTRY--PERSONAL NAME | |
| Personal name | Inocentes, Reymart, H. |
| Relator term | Researcher |
| 245 10 - TITLE STATEMENT | |
| Title | <a href="Jmr's hog finishing project">Jmr's hog finishing project</a> |
| Statement of responsibility, etc | Inocentes, Reymart, H.; [et,...al] |
| 260 #1 - PUBLICATION, DISTRIBUTION, ETC. (IMPRINT) | |
| Date of publication, distribution, etc | 2015 |
| 300 ## - PHYSICAL DESCRIPTION | |
| Extent | vii, 87 leaves |
| Other physical details | illustrations |
| Dimensions | 28 cm |
| 336 ## - CONTENT TYPE | |
| Source | text |
| Content type term | rdacontent |
| 337 ## - MEDIA TYPE | |
| Source | unmediated |
| Media type term | rdamedia |
| 338 ## - CARRIER TYPE | |
| Source | volume |
| Carrier type term | rdacarrier |
| 502 ## - DISSERTATION NOTE | |
| Dissertation note | Undergraduate thesis<br/> |
| Degree type | Bachelor of Agricultural Technology<br/> |
| Name of granting institution | University of Rizal System, Rodriguez, Rizal |
| Year degree granted | 2015 |
| 520 ## - SUMMARY, ETC. | |
| Summary, etc | The project was entitled "JMR Hog Finishing Project. The project was conducted at Center Ville, Rodriguez, Rizal where an existing pig pen was owned by one of the proponents<br/><br/>The project was limited to one cycle operation. It was started on July 10, 2014 and ended on December 14, 2014 The project was composed of eight (😎 heads which composed of five(5) males and three (3) females The breed of the stock raised in the project was a cross breed of Duroc and Large white. Stocks were purchased at Norzagaray, Bulacan at two thousand pesos (P2000.00) per head<br/><br/>The cleaning and disinfection of the pig pen was done two days before purchasing the stocks. The pen was disinfected with a solution of 25 gram of chlonne dissolved in 10 liters of water to remove the harmful microorganisms that exist in the pen that cause diseases Supplies and renovating materials were purchased at the nearby market and agricultural outlet. |
| 650 ## - SUBJECT ADDED ENTRY--TOPICAL TERM | |
| Source of heading or term | Jmr's hog |
| 700 ## - ADDED ENTRY--PERSONAL NAME | |
| Personal name | Inocentes, Reymart, H. |
| Relator term | Researcher |
| 700 ## - ADDED ENTRY--PERSONAL NAME | |
| Personal name | Dela Torre, Mauriz Joan, S.J. |
| Relator term | Researcher |
| 700 ## - ADDED ENTRY--PERSONAL NAME | |
| Personal name | Constantino |
| Relator term | Researcher |
| 700 ## - ADDED ENTRY--PERSONAL NAME | |
| Personal name | Regalario Ma Ed, Fredie, C. |
| Relator term | Adviser |
| 942 ## - ADDED ENTRY ELEMENTS (KOHA) | |
| Source of classification or shelving scheme | Library of Congress Classification |
| Koha item type | Theses and dissertations |
| Withdrawn status | Source of classification or shelving scheme | Damaged status | Not for loan | Home library | Current library | Shelving location | Date acquired | Total Checkouts | Full call number | Barcode | Date last seen | Copy number | Price effective from | Koha item type |
|---|---|---|---|---|---|---|---|---|---|---|---|---|---|---|
| Library of Congress Classification | Not For Loan | Rodriguez College Library | Rodriguez College Library | Undergraduate Theses | 05/08/2024 | LG 221.R59.J569 2015 | URSROD-PDR-BAT-0305 | 05/08/2024 | c1 | 05/08/2024 | Theses and dissertations |